[Event "Ciocaltea Memorial"]
[Site "Bucharest"]
[Date "2001.03.12"]
[Round "9"]
[White "Nisipeanu, Liviu Dieter"]
[Black "Solak, Dragan"]
[Result "1-0"]
[WhiteElo "2596"]
[BlackElo "2511"]
[Annotator "Ribli,Z"]
[PlyCount "87"]
[EventDate "2001.03.04"]
[EventType "tourn"]
[EventRounds "11"]
[EventCountry "ROU"]
[EventCategory "12"]
[SourceTitle "CBM 082"]
[Source "ChessBase"]
[SourceDate "2001.05.17"]
[SourceVersion "1"]
[SourceVersionDate "2001.05.17"]
[SourceQuality "1"]

1. e4 c5 2. Nf3 e6 3. Nc3 a6 4. d4 cxd4 5. Nxd4 Qc7 6. Be2 {Das ist eine
relativ seltene Fortsetzung. Meiner Ansicht nach ist 6.Bd3 die prinzipielle
Antwort, aber auch 6.g3 wird oft gespielt.} b5 {Das ist eine scharfe für die
Paulsen-Variante. typische Fortsetzung. Schwarz entwickelt zuerst seinen
Damenflügel und erst danach - in Abhängigkeit von der gegnerischen Spielweise
- seinen Königsflügel.} (6... Nc6) (6... Nf6) 7. O-O (7. f4) (7. Bf3 Bb7 8. Qe2
Nc6 9. Nxc6 dxc6 10. e5 Ne7 11. O-O Nd5 $11) 7... Bb7 8. Re1 Nf6 (8... b4 9.
Nd5 exd5 10. exd5 $44 {[%cal Ge1e8]}) (8... Nc6 9. Nxc6 dxc6 10. e5 Rd8 11. Bd3
c5 12. Qe2 Ne7 13. Bf4 Ng6 14. Bg3 Be7 $11) 9. Bf3 {Gewöhnlich ist dieser
Läuferzug in solchen Stellungen nicht zu empfehlen, denn Weiß verbaut sich
damit den Zug f2-f4. Diese konkrete Stellung jedoch bildet eine Ausnahme -
Weiß hat hier großen Entwicklungsvorteil und droht jetzt 10.e5.} d6 10. Bf4 (
10. a4 bxa4 11. Rxa4 Nbd7 12. Nb3 Be7 (12... Bc6 13. Ra1 Be7 14. Na5 Ne5 15.
Nxc6 Nxf3+ 16. Qxf3 Qxc6 17. Bf4 O-O 18. Ra2 Rfc8 19. Qd3 Ne8 20. Rea1 Nc7 21.
Ra5 Rab8 {1/2-1/2 Asrian,K-Movsesian,S/Yerevan 1996/EXT 98 (80)}) 13. Na5 Ne5
14. Nxb7 Qxb7 15. Be2 O-O 16. Bf1 Nfd7 17. Qe2 Nc5 18. Ra2 Rfc8 19. Na4 Ncd7
20. g3 d5 21. Bg2 {1/2-1/2 Kuczynski,R-Rasik,V/CZE 1998/EXT 99 (21)}) 10...
Nbd7 $6 {Dieser natürliche Zug ermöglicht Weiß, eine Figur für drei Bauern zu
opfern. Meiner Meinung nach hat Schwarz nach 10...e5 bessere
Verteidigungschancen.} (10... e5 11. Nf5 (11. Bg3 Nbd7 12. Nf5 b4 13. Nd5 Bxd5
14. exd5 g6 15. Nd4 Bg7 16. Nc6 O-O 17. Qd2 a5 18. a3 {1-0 Waitzkin,J-Forster,
R/Bermuda 1999/CBM 69 (31)}) (11. Nd5 Nxd5 12. exd5 Be7 13. Nf5 Bf6 14. Qd2 O-O
15. Bg5 Bxg5 16. Qxg5 f6 17. Qd2 g6 18. Ne3 (18. Nh6+ Kh8 19. h4 f5 20. Qg5 Qg7
21. c4 bxc4 22. Rac1 e4 {0-1 Horvath,T-Heinig,W/Trnava 1981/MCD (28)}) 18...
Nd7 19. Rec1 a5 20. a4 bxa4 21. Rxa4 Nc5 22. Ra3 f5 23. Rca1 a4 24. Be2 f4 25.
Nc4 Ba6 {0-1 Cela,A-Gadjily,R/Ano Liosia 1997/EXT 98 (46)}) 11... Nbd7 12. Bd2
Nb6 (12... g6 13. Ne3 Nb6 14. a4 b4 15. a5 Nbd7 16. Ncd5 Bxd5 17. exd5 Rb8 18.
Ra4 Qc5 19. c3 bxc3 20. Bxc3 {1-0 Ostos,J-Santa,J/Cali 2000/ (37)}) 13. a4 b4
14. Na2 g6 15. Nh6 Nxa4 16. Bg5 Be7 17. Nxb4 Nxb2 18. Qb1 Nc4 19. Qb3 a5 20.
Be2 {0-1 Ostos,J-Gallegos,C/Valencia 2000/EXT 2001 (51)}) 11. Ndxb5 {Dieses
Springeropfer ist ein bekanntes Motiv in der Sizilianischen Verteidigung.} axb5
12. Nxb5 Qb6 (12... Qa5 13. Nxd6+ Bxd6 14. Bxd6 Ne5 15. Qd4 Nc6 (15... Nxf3+
16. gxf3 $16) 16. Qe3 $16) 13. Nxd6+ Bxd6 14. Bxd6 {[%csl Gd6,Re8] Weiß hat
drei Bauern für die Figur, sein Bd6 steht besonders stark - Schwarz sieht sich
bei der Platzierung seines Königs vor Problemen .} (14. Qxd6 Qxd6 15. Bxd6 g5
$1 16. e5 Bxf3 17. gxf3 Nd5 18. c4 Nf4 19. b4 Rg8 20. a4 g4 21. fxg4 Rxg4+ 22.
Kh1 Nd3 23. Re2 Rxc4 24. Rg1 O-O-O {1/2-1/2 Wessman,R-Lind,J/Gothenburg 1990/
EXT 97 (36)}) 14... Rd8 {[%cal Gd8d1]} 15. c4 $36 Nc5 (15... Ne5 16. c5 $36)
16. e5 Nfe4 {Mit diesem Zug gibt Schwarz das Material zurück.} (16... Nfd7 17.
Bxb7 Nxb7 18. b4 $5 {[%cal Rc4c5]} (18. Qg4 g6 19. Rad1 (19. Ba3 Ndc5 $13)
19... Nxd6 20. Rxd6 Qxb2 21. Rxe6+ fxe6 22. Qxe6+ Kf8 23. Qd6+ $11 {Die
Stellung ist ausgeglichen - Weiß hat Dauerschach.}) 18... Nxd6 19. Qxd6 $36) (
16... Bxf3 17. Qxf3 Nfd7 18. Qg3 $16) 17. b4 Nxd6 (17... Qxb4 $2 18. Bxe4 $18)
18. bxc5 Bxf3 (18... Qxc5 19. exd6 Bxf3 (19... Rxd6 20. Qa4+ Bc6 21. Bxc6+ $16)
20. Qxf3 O-O {Das ist nur eine Zugumstellung zu unserer Partie.}) 19. Qxf3 Qxc5
20. exd6 O-O {Weiß hat zwei Bauern mehr, aber der Pd6 ist nicht zu halten. Die
weißen Freibauern am Damenflügel sind gefährlich. Jedoch ist der
Materialvorteil ist nicht so leicht zu verwerten, weil die Bauern isoliert
sind.} (20... Rxd6 21. Qa8+ Rd8 22. Qa4+ $16) 21. Red1 $16 {[%mdl 1024] Weiß
wählt diesen Turmzug, weil er den anderen Turm auf a1 belassen möchte.} Rxd6
22. Rxd6 Qxd6 23. a4 {[%csl Ga4][%cal Ra4a5] Weiß hat nur einen Bauern mehr,
aber der a-Bauer ist - dank der Unterstütztung durch den Ra1 - enorm
gefährlich.} Rc8 24. a5 Qa6 (24... Rxc4 25. Qa8+ Qf8 26. Qb7 $16 (26. Qxf8+
Kxf8 27. a6 Rc8 28. a7 Ra8 $14)) 25. Ra4 {[%csl Ra4] Weiß verteidigt seine
Bauern, muss dafür aber eine passive Turmstellung in Kauf nehmen.} g6 26. g3 h5
(26... Rxc4 $2 27. Rxc4 Qxc4 28. Qa8+ Kg7 29. a6 $18) 27. h4 Rb8 28. Qe4 Rb2
$14 {[%csl Gb2] Der schwarze Turm steht aktiv auf b2 - es ist nicht leicht für
Weiß weiter voranzukommen.} 29. Kg2 Qa7 30. Qf3 Qa6 31. Ra1 (31. c5 Rc2 $14)
31... Rc2 32. Rd1 Rxc4 $2 {Das ist ein schwerer Fehler - Schwarz gewinnt zwar
den Bauern, kann nun aber nicht mehr den Punkt f7 verteidigen.} (32... Qxa5 $1
33. Rd7 Qf5 $11) 33. Rd8+ $1 {Ich vermute, dass Schwarz dieses Zwischenschach
übersehen hat.} (33. Rd7 Qc6 (33... f5 34. Rd8+ Kh7 35. Ra8 Qc6 36. Qxc6 Rxc6
37. a6 $14) 34. Rxf7 Qxf3+ 35. Rxf3 Ra4 36. Rf6 Kg7 37. Rxe6 Rxa5 $14) 33...
Kg7 34. Rd7 $16 {[%csl Rf7] Das ist die Pointe - jetzt hängt der Pf7 mit
Schach - Schwarz hat keine ausreichende Verteidigung.} Qc6 35. Rxf7+ Kg8 36.
Qxc6 Rxc6 37. Ra7 {[%mdl 4096] Gewöhnlich kann man Turmendspiele mit einem
Minusbauern halten. Hier aber hat Weiß nicht nur einen Bauern mehr - zudem ist
der gegnerische König abgeschnitten, und die schwarzen Bauern sind allesamt
schwach.} Rc2 {Das ist eine aktive Turmstellung - Schwarz möchte 38...Ra2
spielen, von wo aus er den a-Bauern und die weißen Bauern am Königsflügel
kontrolliert, - in unserer Stellung jedoch hilft auch das nichts mehr.} 38. a6
Ra2 39. Kf3 $18 {Das Eingreifen des Königs entscheidet die Partie.} Ra4 (39...
Kf8 40. Ke4 Rxf2 41. Rb7 Ra2 42. a7 $18) 40. Ke3 Ra2 41. Kd4 {[%cal Rd4e5]} Ra5
42. Kc4 e5 43. Kb4 Ra2 44. f3 (44. Kb5 $18) 1-0

[Event "Wotulo Memorial"]
[Site "Jakarta"]
[Date "2001.03.24"]
[Round "2"]
[White "Majella, Yoseph R"]
[Black "Miezis, Normunds"]
[Result "0-1"]
[WhiteElo "2321"]
[BlackElo "2532"]
[Annotator "Ribli,Z"]
[PlyCount "160"]
[EventDate "2001.03.23"]
[EventType "tourn"]
[EventRounds "13"]
[EventCountry "INA"]
[EventCategory "8"]
[SourceTitle "CBM 083"]
[Source "ChessBase"]
[SourceDate "2001.07.05"]
[SourceVersion "1"]
[SourceVersionDate "2001.07.05"]
[SourceQuality "1"]

1. e4 c5 2. Nf3 e6 3. d4 cxd4 4. Nxd4 a6 {GM Miezis folgt der klassischen
Schule - das ist keine Überraschung, er spielt immer die selben Varianten.} 5.
Nc3 Qc7 6. Be2 {Seit vielen Jahren spielt man hier hauptsächlich 6.Bd3 - und
das ist nach meiner Meinung auch die beste Fortsetzung für Weiß. Der Textzug
ist jedoch heutzutage wieder populär.} b5 7. O-O Bb7 8. Re1 Nc6 9. Nxc6 dxc6
10. e5 Rd8 11. Bd3 c5 12. Qh5 $6 {Dieser Zug gefällt mir nicht - die
Alternative scheint mir logischer.} (12. Qg4 $5) 12... g6 $5 {Dieser Zug wurde
erstmals von GM Eingorn angewandt - s. die Anmerkung zu 13...Bg7 . Der Zug
bedeutet keine Schwächung des schwarzen Königsflügels. Er ermöglicht vielmehr
die Fianchettierung des Bf8. Und das alles geschieht mit Tempo.} (12... Ne7 13.
Bg5 Rd7 14. Rad1 Nc6 15. Be4 Nd4 16. Bxb7 Qxb7 17. Rd2 h6 18. Ne4 Nf5 19. Rxd7
Qxd7 20. Bf6 {1/2-1/2 Kuczynski,R-Lau,R/Polanica Zdroj 1991/CBM 26/[Blatny,P] 
(24)}) (12... c4 13. Be4 Bb4 14. Qg4 Ne7 15. Qxg7 Rg8 16. Qxh7 Bxc3 17. bxc3
Qxe5 18. Bf4 Qxf4 19. Bxb7 {1-0 Svidler,P-Rublevsky,S/Smolensk 2000/CBM 77 (35)
}) 13. Qh3 (13. Qe2 Bg7 14. a4 b4 15. Nb1 Ne7 16. Nd2 Nf5 17. Nc4 Nd4 18. Qg4
O-O 19. Bg5 Rd5 20. Rad1 Nf5 21. Be4 h6 22. Bxd5 exd5 23. Nd6 hxg5 24. Nxf5 Bc8
{0-1 Garma,C-Miezis,N/Calcutta IND 2001 (41)}) 13... b4 $6 {[%mdl 4] Dieser
Zug führt zu kompliziertem Spiel. Der natürliche Läuferzug - 13...Bg7 - aus
der Stammpartie des Zugs 12...g6!? scheint mir natürlicher.} (13... Bg7 14. Bg5
Ne7 15. Bf6 (15. Bxb5+ axb5 16. Nxb5 Qb6 17. Nd6+ Rxd6 18. exd6 Qxd6 19. Rad1
Qc6 $17) 15... O-O 16. Qh4 Rd4 17. f4 Nf5 18. Bxf5 exf5 19. Be7 Re8 20. Bd6 Qc6
21. Qg3 Rxf4 {0-1 Midoux,S-Eingorn,V/Metz 2000/CBM 75 ext (25)}) 14. Na4 $6 (
14. Ne4 $1 {Nach diesem Zug ist es nicht leicht für Schwarz, die Entwicklung
des Königsflügels abzuschließen.} c4 (14... Qxe5 $6 15. Bg5 {Es droht 16.Nf6+,
und der Rd8 hängt.}) 15. Bf1 Qxe5 $6 16. Bg5 Bxe4 17. Bxd8 $16 Kxd8 18. Qh4+
Nf6 19. Rxe4 $18) 14... c4 15. Bf1 Bc6 {[%csl Ra4]} 16. b3 Bxa4 (16... Bg7 17.
Nc5 $13 {[%cal Gc5e6]}) 17. bxa4 Bc5 $13 {Die schwarze Bauernstruktur ist zwar
besser, aber der Pc4 ist ein potentieller Schwachpunkt. Zudem hat Schwarz noch
einige Probleme bei der Entwicklung seines Königsflügels zu bewältigen.} 18. a3
$5 (18. Bxc4 $2 Bxf2+ 19. Kxf2 Qxc4 $17) 18... a5 (18... bxa3 19. Bxa3 $14) 19.
Be3 (19. axb4 $5 axb4 (19... Bxb4 20. c3 $16 {[%csl Rc4]}) 20. Be3 Qxe5 21.
Bxc4 Bxe3 22. Qxe3 Qxe3 23. Rxe3 $14) 19... Qxe5 20. Bxc4 (20. axb4 Bxb4) 20...
Bxe3 21. Qxe3 Qxe3 22. Rxe3 bxa3 {Das ist von großer Bedeutung: Schwarz lässt
Weiß nicht axb4 spielen, wonach der a-Bauer frei wäre.} 23. Re5 Ra8 24. Rxa3
Nf6 $11 {[%mdl 4096] Die Frage in solchen Stellungen lautet gewöhnlich: Ist
der weiße Freibauer auf der c-Linie nun stark oder schwach? Wenn Schwarz den
c-Bauern - wie in der Partie - gut blockieren kann, bekommt Schwarz ein
bequemes Endspiel.} 25. Rb3 O-O 26. f3 (26. Rbb5 Nd7 $11) 26... Rfc8 27. Bd3
Nd7 {[%csl Gd7][%cal Gd7c5,Gc5a4,Gc5b3,Gc5d3] Der Springer strebt das
Schlüsselfeld c5 an, von wo aus er die wichtigen Felder am Damenflügel
kontrollieren kann.} 28. Reb5 Kg7 $5 {Schwarz ist mit den Vereinfachungen nach
28...Nc5 nicht zufrieden.} (28... Nc5 29. Rc3 Nxa4 (29... Nxd3 30. Rxc8+ Rxc8
31. cxd3 Rc3 32. Rxa5 Rxd3 $11) 30. Rxc8+ Rxc8 31. Rxa5 Nb2 $11) 29. Be4 (29.
Kf2 $11) 29... Ra7 30. Bd3 Rcc7 31. Kf1 f5 {Schwarz mobilisiert seine
Bauernmehrheit am Königsflügel.} (31... Nc5 32. Rc3 Nxa4 33. Rxc7 Rxc7 34. Rxa5
Nb2 $11 (34... Nc5 $11)) 32. Ke2 Nf6 {[%cal Gf6d5] Der Springer strebt jetzt
nach d5. Der Zug 32...Nc5 wäre zwar natürlicher, aber in diesem Fall käme 33.
Rc3, und Schwarz könnte die nachfolgenden Vereinfachungen und das Remis nicht
mehr vermeiden.} 33. g3 Nd5 {[%cal Gd5b4,Rd5c3,Rc3e2,Rc3b5]} 34. Kd2 Kf6 35. f4
h6 36. c4 $6 {Dieser Zug ist sehr riskant - zwar bringt Weiß damit den
c-Bauern voran, aber er überlässt Schwarz zugleich die Kontrolle über das Feld
b4.} (36. c3 $11) 36... Nb4 {[%csl Gb4] Der Springer hat einen ausgezeichneten
Stützpunkt auf b4.} 37. Be2 Na6 $5 38. Rb6 (38. Rxa5 $2 Nc5 {[%cal Rc5b3,Rb3d2]
} 39. Rxc5 Rxc5 $17) 38... Nc5 {[%csl Gc5][%cal Gc5a4,Gc5b3,Gc5e4]} 39. Ra3
Rd7+ 40. Kc2 g5 $15 {Der Pc4 ist gut blockiert. Schwarz hat die Initiative.}
41. Re3 Rac7 42. Re5 gxf4 43. gxf4 Rd4 {[%cal Rd4f4]} 44. Rb5 Nd7 $1 (44...
Nxa4 $2 45. Kb3 $16 {[%csl Ra4]}) (44... Ne4 45. Bd3 Nd6 46. Rxa5 Nxc4 47. Rac5
$15) 45. Re3 Rxf4 46. Rh3 (46. Rxa5 Rf2 $17 {[%cal Rc7c4,Rf2h2,Gf2c2] Es droht
47...Rxh2 und wegen der Fesslung des Be2 auch 47...Rc4.}) 46... Nc5 47. Rxa5 (
47. Rxh6+ $5 Kg7 48. Rh3 Nxa4 49. Rxa5 Nb6 50. Ra6 Nxc4 51. Rxe6 $11) 47... Rf2
48. Kd1 (48. Kd2 Rg2 49. Ke3 $11) 48... Rg2 49. Ke1 (49. Rxh6+ Ke5 $44 (49...
Kg5) (49... Kg7 50. Rh3 Ne4 51. Bf3 Rd2+ 52. Ke1 Rd3 $44)) 49... Ke5 {Schwarz
schert sich nicht um den Ph6, sondern setzt auf Aktivität.} 50. Kf1 Rg6 51. Ra3
$6 (51. Rh4 $5 $11 {[%cal Gh4d4]}) 51... Kd4 {[%csl Gc5,Gd4]} 52. Ra8 Rcg7 {
[%csl Rf1][%cal Rg7g1]} 53. Rd8+ Ke5 54. Ke1 (54. Bf3 Rg1+ 55. Kf2 Ne4+ 56.
Bxe4 fxe4 57. Rg3 R1xg3 58. hxg3 Ra7 $15) 54... Ne4 55. a5 $6 (55. Bf3 $5 $15)
55... Rg1+ 56. Bf1 R7g2 $1 $17 {[%cal Rg2f2,Rf2f1,Rg2h2] Der Ph2 hängt,
zugleich droht 57...Rf2.} 57. Rf3 Ra2 {[%csl Ra5,Re1]} 58. Rdd3 Rxa5 {Schwarz
hat einen Mehrbauern und eine aktive Stellung.} (58... Ra1+ 59. Rd1 (59. Ke2
Rh1) 59... Rxa5 $17) 59. Ra3 Rc5 (59... Rxa3 60. Rxa3 Kd4 $17) 60. Ra4 Rh1 61.
Rh3 Kf4 62. Rxh6 Re5 {[%csl Re1,Ge5][%cal Ge5e1,Gh1e1] Die schwarzen Figuren
stehen so aktiv, dass er trotz des reduzierten Materials gute Angriffschancen
hat.} 63. Ra1 Kf3 (63... Ng3+ 64. Kf2 Rxf1+ 65. Rxf1 Re2+ 66. Kg1+ Nxf1 67.
Kxf1 $11) 64. Rh3+ (64. Ra3+ Kg4) 64... Kg4 65. Rh8 f4 {[%csl Gf4]} 66. Ke2 (
66. Rg8+ Ng5+ $17) 66... Ng3+ 67. Kf2 Rxf1+ $1 {Damit wickelt Schwarz in ein
aussichtsreiches Turmendspiel ab.} 68. Rxf1 Re2+ 69. Kg1 Nxf1 70. Kxf1 Rc2 {
[%csl Gc2,Gg4] Die schwarzen Figuren sind sehr aktiv.} 71. Re8 Kf5 $1 {[%csl
Gc2][%cal Rc2c4,Rc2h2] Nun gewinnt Schwarz einen Bauern.} (71... Kf3 {[%cal
Rc2c1,Rc1f1]} 72. Ke1 (72. Rxe6 Rc1+ 73. Re1 Rxe1+ 74. Kxe1 Kg2 $19 {[%csl Gf4]
}) 72... Re2+ 73. Kd1 e5 74. c5 $132) 72. h4 Rxc4 $19 {[%csl Ge6,Gf4] Dank der
beiden verbundenen Freibauern steht Schwarz auf Gewinn. Der h-Bauer hat keine
große Bedeutung.} 73. h5 Rc7 {[%cal Gc7h7,Gh7h5]} 74. Ke2 e5 $6 {Der Partiezug
gewinnt auch, aber der Angriff gegen den Ph5 wäre einfacher.} (74... Rh7 $5 75.
Kf3 Rxh5 76. Rf8+ Ke5 77. Rxf4 Rh3+ 78. Kg4 Rh4+ $19) 75. Rh8 Kg4 76. Rg8+ Kxh5
77. Kf3 Rc3+ 78. Ke4 Re3+ 79. Kf5 {Droht Matt mit 80.Rh8. Dieses Endspiel ist
leicht gewonnen für Schwarz, weil der weiße König von den Bauern abgeschnitten
ist.} Kh4 80. Rg1 f3 0-1

[Event "Linares Anibal op 08th"]
[Site "Linares"]
[Date "2001.01.09"]
[Round "2"]
[White "Paramos Dominguez, Roberto"]
[Black "Epishin, Vladimir"]
[Result "0-1"]
[WhiteElo "2437"]
[BlackElo "2578"]
[Annotator "Ribli,Z"]
[PlyCount "66"]
[EventDate "2001.01.08"]
[EventType "swiss"]
[EventRounds "11"]
[EventCountry "ESP"]
[SourceTitle "CBM 081"]
[Source "ChessBase"]
[SourceDate "2001.03.20"]
[SourceVersion "1"]
[SourceVersionDate "2001.03.20"]
[SourceQuality "1"]

1. e4 c5 2. Nf3 e6 3. d4 cxd4 4. Nxd4 a6 5. Nc3 b5 {Dieser Zug ist in letzter
Zeit sehr populär. Schwarz kümmert sich nicht um die Entwicklung des
Königsflügels, sondern strebt aktives Spiel am Damenflügel an. Ich möchte
anmekren, dass dieser Zug gewöhnlich zu scharfem Spiel führt.} 6. Bd3 Qb6 7.
Be3 (7. Nb3 {Das ist die Alternative - nach diesem Zug steht der weiße
Springer nicht so aktiv wie auf d4.}) 7... Bc5 8. Be2 (8. Qg4 $5 {Dieser
interessante Zug wurde erstmals in der Partie Gallagher,J - Milov,V Biel 2000
gespielt. Die Pointe des weißen Spiels ist, dass nach 8...Bxd4 9.e5 kommt, und
nun hängt gleichzeitig auf d4 und g7.} Ne7 $13) (8. Nce2 $2 Nf6 {[%cal Gf6g4,
Gg4e3]} 9. h3 Bb7 $17) 8... Ne7 $5 {Dieser Zug ist logisch, Schwarz entwickelt
seinen Königsflügel. Zudem kann Schwarz mit diesem Zug die konkreten Varianten
nach 8...Bb7 9.a4 oder 8...Nc6 9.Nxc6 vermeiden.} (8... Nc6 9. Nxc6 Bxe3 (9...
dxc6 10. Bxc5 Qxc5 11. Qd3 $1 Nf6 $6 (11... e5 12. Qg3 $1 Kf8 $14) 12. f4 $2 (
12. O-O-O $1 O-O 13. f4 e5 14. f5 $16) 12... e5 13. f5 Bb7 14. O-O-O Ke7 (14...
h5 $5) 15. g4 Rhd8 16. Qf3 {1-0 Svidler,P-Kasimdzhanov,R/Wijk aan Zee 74/195
1999/Inf 74/[Svidler,P] (32)}) 10. fxe3 dxc6 11. Qd4 Qxd4 12. exd4 e5 13. dxe5
(13. d5 Ne7 14. O-O-O Bd7 15. dxc6 Nxc6 16. Nd5 O-O-O 17. c3 Kb7 18. b4 Be6 19.
g4 Rd6 20. Rhf1 f6 {0-1 Antoniewski,R-Kveinys,A/Zakopane 2000/CBM 78 ext (41)})
13... Ne7 14. a4 (14. Bh5 Ng6 15. Bxg6 hxg6 16. O-O-O Rh5 17. Rd6 Rxe5 18. Rxc6
Kd7 19. Rxc8 Rxc8 {0-1 Galego,L-Hauchard,A/Mondariz 2000/CBM 79 no vc (54)})
14... Rb8 15. axb5 axb5 16. Bh5 Ng6 17. Bxg6 hxg6 18. Ra7 {1/2-1/2 Egger,
J-Kveinys,A/Istanbul 2000/EXT 2001 (18)}) (8... Bb7 9. a4 Nf6 10. axb5 axb5 11.
Rxa8 Bxa8 12. Ndxb5 Bxe3 13. fxe3 O-O 14. Qd3 (14. Qd4 Qxd4 15. exd4 Nxe4) (14.
e5 Nd5 15. Qd4 Qa5 16. O-O Nc6 17. Qe4 Qb4 $132) 14... Nc6 (14... e5 $6 15. Nd5
(15. O-O Na6 {[%cal Ga6c5,Gc5d3,Gc5e4]}) 15... Bxd5 16. exd5 $16) 15. O-O Qc5
16. Qd2 $14 {1/2-1/2 Van den Doel,E-Chuchelov,V/Bad Zwesten 2000/CBM 75/
[Chuchelov] (39)}) 9. O-O (9. Qd2 Bb7 (9... Nbc6 $11) 10. O-O-O O-O 11. Kb1
Nbc6 12. Nxc6 Bxc6 13. Bxc5 Qxc5 $11) 9... Nbc6 (9... e5 $6 10. Nf5 Nxf5 11.
Bxc5 Qxc5 12. exf5 $36) 10. Nxc6 Nxc6 (10... Bxe3 $4 11. Nxe7 $18) 11. Bxc5
Qxc5 $11 {Weiß hat Entwicklungsvorteil, aber die schwarze Stellung ist solide.
Anschließend kann er seine Entwicklung mit Bb7 und kurzer Rochade beenden.} 12.
Kh1 (12. Qd3 O-O 13. Rad1 $11) 12... Bb7 13. Qd2 O-O {Schwarz macht sich keine
Gedanken um die Verteidigung des Pd7.} 14. Rad1 (14. Qxd7 {Die Annahme des
Bauernopfers ist in der Tat gefährlich für Weiß - Schwarz bekommt starke
Initiative am Damenflügel.} Rab8 $44 (14... Rfd8 15. Qc7 $13 (15. Qxb7 Ra7 $17
{[%csl Rb7]})) (14... Na5 $44)) 14... Rfd8 15. a3 (15. Qd6 Qxd6 16. Rxd6 Kf8
$11) 15... h6 (15... d6 $11) 16. f4 $6 {Weiß möchte am Königsflügel aktiv
spielen, aber dieser Bauernzug schwächt die weiße Stellung.} (16. Qd6 $11)
16... d5 $1 {[%mdl 4]} 17. e5 {Wir haben nun eine für die Französische
Verteidigung typische Stellung erreicht.} (17. exd5 Ne7 {[%cal Gd8d1,Gb7h1]}
18. d6 Nf5 {[%cal Rf5e3,Re3d1,Re3f1,Rb7h1]}) 17... Ne7 {[%cal Ge7f5] Der
Springer strebt nach f5 und droht mit der Öffnung der Diagonale a8-h1 für den
Bb7, denn Weiß muss nun immer mit d5-d4 rechnen.} (17... d4 $2 18. Ne4 $36 {
[%cal Ge4d6,Ge4c5]}) 18. Bd3 Rac8 (18... d4 19. Ne4) 19. Rde1 (19. Ne2 d4)
19... Nf5 20. Rf2 (20. Bxf5 exf5 $15 {Auch hier kann Schwarz anschließend
d5-d4 ziehen, doch Weiß ist der Zug Ne4 versperrt}) 20... d4 $15 {[%csl Ye3]
Damit gibt Schwarz dem Gegner zwar die Möglichkeit zu 21.Ne4, aber die
schwarze Herrschaft über das Feld e3 wiegt schwerer.} 21. Ne4 Qa7 22. Ng3 $6 {
Weiß möchte den gegnerischen Springer abtauschen, es wäre jedoch besser auf e4
zu verweilen.} (22. Rfe2 Bc6 $15) 22... Ne3 {[%csl Ge3]} 23. Nf1 Nc4 24. Qc1
Qc5 (24... Bd5 $15) 25. Kg1 b4 26. axb4 (26. a4 Nb6 27. b3 Nd5 $15 {[%csl Yc3]}
) 26... Qxb4 27. b3 {[#]} Nb2 $1 $17 {[%mdl 64] Dieser schöne Springerzug ist
sehr stark. Bis zu diesem Zeitpunkt war der Bd3 die einzige wirklich sichere
Figur in der weißen Stellung.} 28. Be4 $6 {Es scheint logisch,dass Weiß den
Bb7 abtauschen möchte, doch dieser Zug verliert Material.} (28. Rd2 Nxd3 29.
Rxd3 Qc5 $15 (29... a5 $15 {[%cal Gb7a6,Ga6f1]})) 28... Bxe4 29. Rxe4 Qb7 $1 (
29... Nd3 {[%cal Rd3c1,Rd3f2]} 30. Qd2 Nxf2 31. Qxb4 Nxe4 32. Qb6 $15) 30. Qe1
Nd1 $1 {Der lebendige Springer gewinnt Material. Weiß ist hilflos.} 31. Rd2 (
31. Qxd1 Qxe4 $19) 31... Nc3 $19 {[%csl Re4]} 32. Rexd4 (32. Ng3 Nxe4 33. Nxe4
d3 34. cxd3 Qxb3 $19) 32... Rxd4 33. Rxd4 Qb6 (33... Qb6 34. Qd2 Qxd4+ $19) 0-1